| 000 | 00493cam a22001935a 4500 | ||
|---|---|---|---|
| 001 | L141262 | ||
| 008 | 071108s1898 xxk eng u | ||
| 035 | _a(Sirsi) u141262 | ||
| 041 | 0 | _aeng | |
| 110 | 2 |
_aSavery and Stevens _95447 |
|
| 245 | 0 | 0 |
_aLongbridge Road Estate, Barking, Essex _babstract of title |
| 260 |
_aLondon _bSavery and Stevens _c1898 |
||
| 300 |
_a24 p. _c32 cm. |
||
| 340 | _aPrinted | ||
| 351 | _cSingle item | ||
| 651 | 4 | _aEssex | |
| 690 | _aPROPERTY | ||
| 942 | _n0 | ||
| 999 |
_c116693 _d116693 |
||